International politics and foreign policy: a reader in research and theory
Uloženo v:
| Hlavní autor: | |
|---|---|
| Médium: | Kniha |
| Jazyk: | angličtina |
| Vydáno: |
Nueva York
The Free Press
1969
|
| Témata: | |
| Tagy: |
Přidat tag
Žádné tagy, Buďte první, kdo vytvoří štítek k tomuto záznamu!
|
MARC
| LEADER | 00000nam a2200000 a 4500 | ||
|---|---|---|---|
| 001 | UCO7982 | ||
| 003 | CL-VaPUC | ||
| 008 | 001124e19690000US |||||||||||||||||eng|d | ||
| 082 | 0 | 4 | |a 327 |b ROS |2 21 |
| 100 | 0 | |a Rosenau, James N |e author |9 452782 | |
| 245 | 1 | 0 | |a International politics and foreign policy: a reader in research and theory |
| 300 | |a 740 p | ||
| 942 | |c BK | ||
| 945 | |d 20001124 00:00:00 |a crobeson | ||
| 260 | |a Nueva York |b The Free Press |c 1969 | ||
| 500 | |a Donación del profesor Manfred Wilhelmy von Wolff | ||
| 650 | 0 | |a Relaciones Internacionales |9 255740 | |
| 650 | 0 | |a Política internacional |9 255813 | |
| 650 | 0 | |a Política exterior |9 316628 | |
| 650 | 0 | |a Derecho internacional |9 255637 | |
| 650 | 0 | |a Cooperación internacional |9 255447 | |
| 583 | |a last modification |c 20001124 00:00:00 |k Rodrigo Vera | ||
| 999 | |c 292794 |d 292792 | ||
| 952 | |0 0 |1 0 |4 0 |6 327_000000000000000_ROS_1969 |7 0 |8 A |9 343867 |a BIBHIS |b BIBHIS |d 2019-11-20 |i 1235001 |o 327 ROS 1969 |p 1235001 |r 2025-01-20 |w 2019-11-20 |y BK |k HIS | ||